| 000 | 00370 a2200121 4500 | ||
|---|---|---|---|
| 001 | ART_35110 | ||
| 005 | 20260410162005.0 | ||
| 008 | 260409a | ||
| 245 | 1 | 0 | _aPrescripción liberatoria y caducidad |
| 100 | 1 | _aTanzi, Silvia Y. | |
| 700 | 1 | _aFossaceca, Carlos Alberto (h) | |
| 773 | 0 |
_tTemas de derecho civil _g- Año 1, Nº 3 (dic. 2015) _wREV34778 |
|
| 999 |
_c31611 _d31611 |
||